000 01740cam a2200385 a 4500
001 114646
005 20230410103901.0
008 021223s2003 enka b 001 0 eng
035 _a13040282
010 _a 2002156327
020 _a0745320643 (hardback)
020 _a0745320635 (pbk.)
040 _aDLC
_cDLC
_dDLC
043 _aa-is---
_aawba---
050 1 4 _a416 DS 119.765
_bO61 2003
082 0 0 _a956.95
245 0 0 _aOperation Defensive Shield :
_bwitnesses to Israeli war crimes /
_cedited by Muna Hamzeh and Todd May.
260 _aLondon ;
_aSterling, Va. :
_bPluto Press,
_c2003.
300 _axiii, 199 p. :
_bill. ;
_c22 cm.
500 _aThis unique portrait of Palestinian life under Israeli occupation is composed of personal emails emanating from Palestine during Operation Defensive Shield.' The Bookseller.
500 _aEste retrato único de la vida palestina bajo la ocupación israelí se compone de correos electrónicos personales que emanan de Palestina durante la Operación Muro Defensivo.
504 _aIncludes bibliographical references (p. 185-191) and index.
650 0 _aAl-Aqsa Intifada, 2000-
_vPersonal narratives, Palestinian Arab.
650 0 _aAl-Aqsa Intifada, 2000-
_vPersonal narratives, Israeli.
610 1 0 _aIsrael.
_bTseva haganah le-Yiâsra®el
_zWest Bank.
650 0 _aAl-Aqsa Intifada, 2000-
_xDestruction and pillage
_zWest Bank.
650 4 _aConflicto árabe-israelí.
651 4 _aIsrael Política y gobierno
_y1993-
651 0 _aIsrael
_xPolitics and government
_y1993-
700 1 _aHamzeh, Muna,
_d1959-
700 1 _aMay, Todd,
_d1955-
856 4 1 _3Table of contents
_uhttp://www.loc.gov/catdir/toc/fy037/2002156327.html
942 _2lcc
_cbk
946 _aPP
999 _c27717
_d27717